Responses for Show #3085 - Friday, January 16, 1998

Contestants

[<< previous game]

Drew Reid, a musician and songwriter from Franklin, Tennessee

Alice Dutton, a customer service representative from Canton, Connecticut

Bill Dougherty, an art services provider from Chicago, Illinois (whose 1-day cash winnings total $7,501)

[next game >>]

Jeopardy! Round responses

U.S PLACE NAMES
ICE CREAM FLAVORS
"B" IN BIOLOGY
POP MUSIC
CLOTHING
LA LANGUE FRANCAISE
    $100 19
Maryland

Bill
    $100 25
Vanilla

Bill
    $100 3
Blubber

Bill
    $100 1
Mick Jagger

Bill
    $100 16
Top

Drew
    $100 11
Un, deux, trois

Drew
    $200 12
(Nathaniel) Hawthorne

Drew
    $200 30
Butter

Drew
    $200 6
Bicep

Bill
    $200 2
Billy Joel

Alice
    $200 17
Shoes

Drew
    $200 22
January & February

Alice
    $300 13
Gallup

Drew
    $300 29
Oreo

Bill
    $300 8
Bile

Alice
    $300 4
The Supremes

Drew
    $300 18
Raccoon

Drew
    $300 23
Creme de la creme

Bill
    $400 14
Texas

Drew
    $400 27
Bubble gum

Alice
    $700 9
Bacteriology

Alice
    $400 5
Breaking My Heart

Alice
    $400 20
Houndstooth

Bill
    $400 24
(we have about a minute to go...)

Bouffant

Drew
    $500 15
(B: Who was Napoleon?)

(Stephen) Douglas

BillDrew
    $500 26
(D: What is a parfait?)

Swirl

Drew
Triple Stumper
    $500 10
Biogenesis

Triple Stumper
    $500 7
Rod Stewart

Bill
    $500 21
Teddy/camisole

Alice
    $500 28
Carte blanche

Bill

Scores at the first commercial break (after clue 14):

Bill Alice Drew
$900 $1,600 $1,300

Scores at the end of the Jeopardy! Round:

Bill Alice Drew
$2,100 $2,700 $2,500

Double Jeopardy! Round responses

ARTISTS & THEIR SUBJECTS
HISTORIC NICKNAMES
LITERARY HODGEPODGE
MURDER & MUSICALS
AGRICULTURE
BOUGHT THE FARM
    $200 15
Marie Antoinette

Bill
    $200 4
Carrie Nation

Drew
    $200 11
Elizabeth Barrett Browning

Drew
    $200 14
Oliver!

Drew
    $200 6
Pineapple

Drew
    $200 26
Godzilla

Alice
    $400 10
Salome

Alice
    $400 5
Mohandas K. Gandhi

Drew
    $400 12
Fyodor Dostoevsky

Bill
    $400 16
"Dr. Jekyll & Mr. Hyde"

Alice
    $400 9
Milk

Bill
    $400 7
Herb Caen

Drew
    $600 3
Claude Monet

Drew
    $600 8
Amelia Earhart

Drew
    $600 13
Wilkie Collins

Triple Stumper
    $1,000 17
"The Phantom of the Opera"

Alice
    $600 24
Corn

Drew
    $600 27
(D: Who is Col. Potter?)

Col. Henry Blake

Drew
Triple Stumper
    $800 2
Voltaire

Bill
    $800 22
(A: Who was "The Sun King?")

Louis XIV

AliceDrew
    $1,000 19
"Rosemary's Baby"

Alice
    $800 18
"Carmen Jones" (directed by Otto Preminger)

Triple Stumper
    $800 25
Romper Room

Triple Stumper
    $1000 1
Amedeo Modigliani

Triple Stumper
    $1000 23
(we have about a minute left...)

Benito Juarez

Triple Stumper
    $1000 20
The Raj Quartet

Bill
    $1000 21
"Chicago"

Bill
    $1000 28
[The end-of-round signal sounds.]

Helene Hanff

Triple Stumper

Scores at the end of the Double Jeopardy! Round:

Bill Alice Drew
$5,900 $4,900 $6,100

[wagering suggestions for these scores]

Final Jeopardy! Round responses

IN THE NEWS
AliceWhat is the George Bush Library
$4,500
BillWhat is the Geo Bush Library?
$3,901
DrewWhat is the Geo Bush Library?
$6,000
George Bush Presidential Library and Museum

Final scores:

Bill Alice Drew
$9,801 $9,400 $12,100
2nd place: Trip to Tenaya Lodge, Yosemite National Park, California 3rd place: Sony Power Cinema Package New champion: $12,100

Game dynamics:

Coryat scores:

Bill Alice Drew
$5,900 $4,000 $6,100
16 R,
1 W
12 R
(including 3 DDs),
1 W
21 R,
2 W

Combined Coryat: $16,000

[game clues] [game scores] [suggest correction]

Game tape date: Unknown
The J! Archive is created by fans, for fans. Scraping, republication, monetization, and malicious use prohibited; this site may use cookies and collect identifying information. See terms. The Jeopardy! game show and all elements thereof, including but not limited to copyright and trademark thereto, are the property of Jeopardy Productions, Inc. and are protected under law. This website is not affiliated with, sponsored by, or operated by Jeopardy Productions, Inc. Join the discussion at JBoard.tv.